000 00490nam a22001817a 4500
003 UA-OsUOA
001 131708
007 ta
008 20180612b un ||||| |||| 00| 0 ukr d
090 _bВ55
942 _cMG
040 _aUA-OsUOA
_bukr
_cUA-OsUOA
_dUA-OsUOA
245 _aВісник державного університету телекомунікацій
955 _a1
041 _aukr
856 4 0 _uhttp://journals.dut.edu.ua/index.php/vduikt/issue/current
650 7 _2UDC
999 _c419984
_d419984